000 006310000a22001930004500
020 _a84-8005-006-3
041 0 _aSPA
082 0 4 _aG 232.1 P619f
100 1 _aPiñero, Antonio
245 1 0 _aFuentes del cristianismo : Tradiciones primitivas sobre Jesús / Antonio Piñero
260 _aCórdoba, España .Almendro
300 _a517 Pag
650 1 4 _aJESUCRISTO - HISTORIA DE LAS DOCTRINAS - PERIODO PRIMITIVO, 329 A.C. 379 \ IGLESIA - HISTORIA - PERIODO PRIMITIVO, 30-600
001 4025
942 _cBK
999 _c34642
_d34642
336 _atexto
_btxt
_2rdacontent
337 _2rdamedia
_asin mediación
_bn
338 _2rdacarrier
_avolumen
_bnc